000 00291nam a2200133Ia 4500
008 230312s9999||||xx |||||||||||||| ||und||
082 _a891.4
_bKHA-S
100 _aKhan, Muhammad Yahay
245 0 _aShab Deeda
260 _bSangeMeel
300 _a882
650 _aLiterature
942 _cBK
999 _c8714
_d8714